000 00662nam a2200181Ia 4500
008 090123s9999 xx 000 0 und d
082 _b10620
100 _aसावरकर प.कृ.
245 _aराष्ट्रपति डॉ. राधाकृष्णन
250 _a2
260 _bज्योत्स्ना प्रकाशन
_c1981
300 _a64
600 _aसावरकर प.कृ.
630 _aराष्ट्रपति डॉ. राधाकृष्णन
700 _aसावरकर प.कृ.
730 _aराष्ट्रपति डॉ. राधाकृष्णन
942 _cBOOK
999 _c48686
_d48686